ARRUPE JESUIT UNIVERSITY

CORONAVIRUS -STOP THE SPREAD - CLEAN,DISINFECT,COVER

The priest of ancient Egypt (Record no. 46998)

MARC details
000 -LEADER
fixed length control field 00465nam a2200205Ia 4500
003 - CONTROL NUMBER IDENTIFIER
control field 0100
008 - FIXED-LENGTH DATA ELEMENTS--GENERAL INFORMATION
fixed length control field 130303s9999 xx 000 0 und d
040 ## - CATALOGING SOURCE
Transcribing agency ARRUPELIB
050 ## - LIBRARY OF CONGRESS CALL NUMBER
Classification number BL2443.S831960
300 ## - PHYSICAL DESCRIPTION
Other physical details ill. 18 cm
100 ## - MAIN ENTRY--PERSONAL NAME
Personal name Sauneron, Serge
245 #4 - TITLE STATEMENT
Title The priest of ancient Egypt
260 ## - PUBLICATION, DISTRIBUTION, ETC. (IMPRINT)
Place of publication, distribution, etc New York
260 ## - PUBLICATION, DISTRIBUTION, ETC. (IMPRINT)
Name of publisher, distributor, etc Grove Press
260 ## - PUBLICATION, DISTRIBUTION, ETC. (IMPRINT)
-- 1960
300 ## - PHYSICAL DESCRIPTION
Extent 191 p.
650 ## - SUBJECT ADDED ENTRY--TOPICAL TERM
Topical term following geographic name as entry element Brainwashing
700 ## - ADDED ENTRY--PERSONAL NAME
Personal name Serge Sauneron
942 00 - ADDED ENTRY ELEMENTS (KOHA)
Koha issues (borrowed), all copies 1
Holdings
Withdrawn status Lost status Source of classification or shelving scheme Damaged status Not for loan Home library Current library Shelving location Date acquired Total Checkouts Full call number Barcode Date last seen Date checked out Copy number Price effective from Koha item type
    Library of Congress Classification     ARRUPE LIBRARY ARRUPE LIBRARY   04/03/2013 2 BL2443.S831960 46003015610 21/03/2019 07/03/2019 1 04/03/2013 Monograph ( Printed materials)

 

Arrupe Library. PO Box MP320 Mt Pleasant, Harare, Zimbabwe
263 242 745411|librarian@aju.ac.zw